000 00789nam a2200217 i 4500
001 185910
003 ES-MaACL
005 20230906222538.0
008 160822s1925 sp |||| | spa d
245 0 0 _aLeyendas heroicas de los germanos /
_cP. Walters [sic] y C. Petersen ; traducción del alemán por J. Gaos.
260 _aMadrid :
_bRevista de Occidente,
_c1925.
300 _a187 p. ;
_c18 cm.
490 1 _aMusas lejanas. Mitos, cuentos, leyendas ;
_v5
650 4 _aLeyendas-
_zEuropa septentrional.
_9160534
700 1 _aWolters, Friedrich (
_d1876-1930)
_9160535
700 1 _aPetersen, Carl (
_d1885-1942)
_9160536
700 1 _aGaos, José.
_953902
830 1 _aMusas lejanas. Mitos, cuentos, leyendas ;
_v5
_9192435
852 _aES-MaACL
_jC-13753
999 _c185910
_d185910